Geometric aspects of functional analysis : Israel seminar (GAFA) 1996-2000
Saved in:
| Other Authors: | , |
|---|---|
| Format: | Book |
| Language: | English |
| Published: |
Berlin ; New York :
Springer,
c2000
|
| Series: | Lecture notes in mathematics (Springer-Verlag)
; 1745 |
| Subjects: | |
| Tags: |
Add Tag
No Tags, Be the first to tag this record!
|
MARC
| LEADER | 00000nam a2200000 i 4500 | ||
|---|---|---|---|
| 001 | 1/75492 | ||
| 008 | 080222s2000 eng d | ||
| 020 | |a 3-540-41070-8 | ||
| 035 | |l 10094931 | ||
| 040 | |a GR-MY-UA |b gre |e aacr | ||
| 041 | 0 | |a eng | |
| 082 | 0 | |a 515.732 |2 (22) | |
| 245 | 1 | 0 | |a Geometric aspects of functional analysis : |b Israel seminar (GAFA) 1996-2000 / |c V.D. Milman, G. Schechtman (eds.) |
| 260 | |a Berlin ; New York : |b Springer, |c c2000 | ||
| 300 | |a viii, 289 σ.; |c 24 εκ. | ||
| 490 | 1 | |a Lecture notes in mathematics |v ; 1745 | |
| 504 | |a Περιέχει βιβλιογραφικές παραπομπές και ευρετήριο | ||
| 650 | 0 | 0 | |a Banach spaces |x Congresses. |
| 650 | 0 | 0 | |a Functional analysis |x Congresses. |
| 650 | 0 | 0 | |a Geometry |x Congresses. |
| 700 | 1 | |a Milman, Vitali D. |d 1939- |4 edt | |
| 700 | 1 | |a Schechtman, Gideon |d 1947- |4 edt | |
| 830 | 0 | |a Lecture notes in mathematics (Springer-Verlag) |v ; 1745 | |
| 852 | |a INST |b SAMOS |e 20080222 |h 515.732 GEO |p 005300026793 |q 005300026793 |t BK |y 4 |x 20200214 | ||
| 901 | |a BIBL3-2008-1 | ||
| 909 | |a Σ |b 142292 | ||
| 922 | |a 3ΕΛΗ |b 200712 |c ΕΠΕΑΕΚ2/ΤΜΗΜΑ ΜΑΘΗΜΑΤΙΚΩΝ |d ΠΑΠΑΣΩΤΗΡΙΟΥ | ||
| 970 | |a ΚΟΣΙΕΡΗΣ |b ΧΡΗΣΤΟΣ |z 2008/02/22 | ||